[Event "VL 2016/17"]
[Site "Mecklenburg/Vorpommern"]
[Date "2017.04.02"]
[Round "8.6"]
[White "Kohn, Thomas"]
[Black "Wandel, Bernd"]
[Result "0-1"]
[WhiteElo "1857"]
[BlackElo "1982"]
[PlyCount "140"]
[EventType "team-tourn"]
[EventRounds "9"]
[SourceDate "2016.10.16"]
[WhiteTeam "FHSG Stralsund"]
[BlackTeam "SF Schwerin II"]

1. Nf3 Nf6 2. g3 g6 3. Bg2 Bg7 4. c4 O-O 5. Nc3 Nc6 6. d4 d6 7. O-O a6 8. e4
Rb8 9. h3 Nd7 10. Be3 e5 11. d5 Ne7 12. Qd2 f5 13. Ng5 Nf6 14. c5 h6 15. Ne6
Bxe6 16. dxe6 fxe4 17. cxd6 cxd6 18. Nxe4 Nxe4 19. Bxe4 d5 20. Bc2 Rc8 21. Bb3
Kh7 22. Qb4 d4 23. Bd2 b6 24. Rac1 a5 25. Qb5 Qd6 26. Qd7 Rfd8 27. Qxd6 Rxd6
28. Rxc8 Nxc8 29. Rc1 Ne7 30. Rc7 Bf8 31. a3 Kg7 32. Ba2 Rc6 33. Rxc6 Nxc6 34.
Bd5 Nd8 35. f4 Kf6 36. fxe5+ Kxe5 37. Bc4 Nxe6 38. Kg2 g5 39. Kf3 Nc5 40. h4
Ne4 41. Bc1 g4+ 42. Kxg4 d3 43. Be3 d2 44. Bb3 Bc5 45. Bf4+ Kd4 46. Kf3 Kd3 47.
Bxh6 Bd4 48. Bd1 Nf2 49. Be2+ Kc2 50. Bxd2 Kxd2 51. h5 Nh3 52. Bb5 Bxb2 53. a4
Ng5+ 54. Kg4 Ne6 55. Bd7 Nf8 56. Bb5 Ke3 57. Kf5 Nh7 58. g4 Nf6 59. Kg5 Kf3 60.
h6 Nxg4 61. h7 Ne5 62. Be8 Nc4 63. Kg6 Kf4 64. Bb5 Nd6 65. Bc6 Bh8 66. Bd7 Ke5
67. Bc6 Kd4 68. Bd7 Kc5 69. Kg5 Kb4 70. Kg6 Nb7 0-1

[Event "VL 2016/17"]
[Site "Mecklenburg/Vorpommern"]
[Date "2017.04.02"]
[Round "8.7"]
[White "Kross, Gunnar"]
[Black "Klepin, Wilfried"]
[Result "1-0"]
[WhiteElo "1979"]
[BlackElo "1831"]
[PlyCount "85"]
[EventType "team-tourn"]
[EventRounds "9"]
[SourceDate "2016.10.16"]
[WhiteTeam "SF Schwerin II"]
[BlackTeam "FHSG Stralsund"]

1. d4 d5 2. c4 e6 3. Nc3 f5 4. Nf3 c6 5. Bf4 Nf6 6. e3 Bd6 7. Bxd6 Qxd6 8. Be2
Nbd7 9. O-O O-O 10. Rc1 Kh8 11. a3 Ne4 12. Nd2 Nxc3 13. Rxc3 g5 14. b4 a6 15.
Qc2 Kg7 16. f3 Nf6 17. Qd3 Bd7 18. Rcc1 Rae8 19. e4 dxe4 20. fxe4 e5 21. d5
cxd5 22. exd5 e4 23. Qc3 Qe5 24. Nb3 Qxc3 25. Rxc3 b6 26. Rd1 Re5 27. Rcc1 Ba4
28. Rc3 f4 29. Rb1 Bxb3 30. Rbxb3 e3 31. Rc1 Ne4 32. c5 bxc5 33. bxc5 Rxd5 34.
Rb7+ Kf6 35. c6 Rd2 36. Kf1 h5 37. c7 Rc8 38. Rb8 Rxc7 39. Rxc7 g4 40. Rf8+ Ke6
41. Rxf4 Nd6 42. Rc3 Ke5 43. Ra4 1-0

[Event "VL 2016/17"]
[Site "Mecklenburg/Vorpommern"]
[Date "2017.04.02"]
[Round "8.8"]
[White "Giese, Lothar"]
[Black "Helms, Sven"]
[Result "1-0"]
[WhiteElo "1795"]
[BlackElo "1930"]
[PlyCount "71"]
[EventType "team-tourn"]
[EventRounds "9"]
[SourceDate "2016.10.16"]
[WhiteTeam "FHSG Stralsund"]
[BlackTeam "SF Schwerin II"]

1. c4 e6 2. Nc3 f5 3. d4 Nf6 4. g3 d5 5. Bg2 c6 6. cxd5 exd5 7. Nf3 Be7 8. O-O
O-O 9. Ne5 Nbd7 10. f4 Ne4 11. Nxe4 fxe4 12. e3 Nxe5 13. dxe5 Be6 14. h3 Qd7
15. Kh2 b5 16. Bd2 a5 17. Qe1 b4 18. Rd1 c5 19. Bc1 Qa4 20. g4 Qxa2 21. Qg3 Bc8
22. f5 Ba6 23. Rf2 Bd3 24. g5 Rae8 25. f6 Bd8 26. g6 hxg6 27. Qxg6 Rf7 28. fxg7
Ree7 29. Rxf7 Rxf7 30. Qh5 Kxg7 31. Rg1 Kf8 32. Qh6+ Ke8 33. Bf3 Be7 34. Bh5 d4
35. e6 Bd6+ 36. Kh1 1-0

[Event "VL 2016/17"]
[Site "Mecklenburg/Vorpommern"]
[Date "2017.04.02"]
[Round "8.1"]
[White "Ruesch, Hans Joachim"]
[Black "Schinke, Andreas"]
[Result "1-0"]
[WhiteElo "1962"]
[BlackElo "2034"]
[PlyCount "75"]
[EventType "team-tourn"]
[EventRounds "9"]
[SourceDate "2016.10.16"]
[WhiteTeam "SF Ostsee Warnemünde"]
[BlackTeam "Grevesmuehlen "]

1. d4 Nf6 2. c4 g6 3. Nc3 Bg7 4. e4 O-O 5. h3 d6 6. Be3 e5 7. d5 Na6 8. Nf3 Nc5
9. Nd2 a5 10. g4 Ne8 11. h4 f5 12. h5 fxg4 13. hxg6 hxg6 14. Nb3 Nxb3 15. axb3
Qf6 16. Be2 Qf7 17. Bxg4 Nf6 18. Be2 Bd7 19. Kd2 c6 20. Qg1 b5 21. Qg2 bxc4 22.
Bxc4 c5 23. Rag1 Be8 24. Bxc5 Qc7 25. Be3 a4 26. Bh6 axb3 27. Bd3 Bxh6+ 28.
Rxh6 Qg7 29. Rh2 Bf7 30. Qg5 Rfb8 31. f4 exf4 32. e5 Nxd5 33. Nxd5 Bxd5 34.
Bxg6 Qxe5 35. Rh8+ Kg7 36. Qh6+ Kf6 37. Bh5+ Ke7 38. Rg7+ 1-0

[Event "VL 2016/17"]
[Site "Mecklenburg/Vorpommern"]
[Date "2017.04.02"]
[Round "8.2"]
[White "Naujok, Joerg"]
[Black "Schumacher, Dirk"]
[Result "1/2-1/2"]
[WhiteElo "1979"]
[BlackElo "1971"]
[PlyCount "52"]
[EventType "team-tourn"]
[EventRounds "9"]
[SourceDate "2016.10.16"]
[WhiteTeam "Grevesmuehlen "]
[BlackTeam "SF Ostsee Warnemünde"]

1. e4 c5 2. d3 d5 3. Nd2 Nc6 4. g3 Nf6 5. Bg2 g6 6. Ngf3 dxe4 7. dxe4 Be6 8.
O-O Bh6 9. e5 Nd7 10. Ne4 Bxc1 11. Qxc1 Bg4 12. Qe3 Bxf3 13. Bxf3 Ncxe5 14. Bg2
Qb6 15. Rfe1 O-O 16. Nxc5 Nxc5 17. Qxe5 Rad8 18. Rad1 Ne6 19. b3 Rxd1 20. Rxd1
Rc8 21. c4 Qc7 22. Qe3 b6 23. Bh3 Rd8 24. Rxd8+ Nxd8 25. Qd2 Nc6 26. Bg2 e5
1/2-1/2

[Event "VL 2016/17"]
[Site "Mecklenburg/Vorpommern"]
[Date "2017.04.02"]
[Round "8.3"]
[White "Wolke, Heiko"]
[Black "Boehme, Andy"]
[Result "1-0"]
[WhiteElo "1964"]
[BlackElo "1992"]
[PlyCount "85"]
[EventType "team-tourn"]
[EventRounds "9"]
[SourceDate "2016.10.16"]
[WhiteTeam "SF Ostsee Warnemünde"]
[BlackTeam "Grevesmuehlen "]

1. e4 d5 2. exd5 Qxd5 3. Nc3 Qd8 4. Nf3 c6 5. Bc4 Bf5 6. d4 e6 7. O-O Nf6 8.
Re1 Be7 9. Bf4 Nbd7 10. Ne5 O-O 11. Bd3 Bxd3 12. Qxd3 Bb4 13. Red1 Nxe5 14.
Bxe5 Bxc3 15. Qxc3 Qd5 16. Bxf6 gxf6 17. Rd3 Kh8 18. Rad1 Rg8 19. Rg3 Rxg3 20.
hxg3 Qxa2 21. d5 e5 22. dxc6 bxc6 23. Qxc6 Rb8 24. Qxf6+ Kg8 25. Qxe5 Rf8 26.
Qg5+ Kh8 27. Qf6+ Kg8 28. Rd4 Qe6 29. Qf3 Re8 30. c4 Qe5 31. Rf4 Qxb2 32. Qh5
Qb1+ 33. Kh2 Re7 34. Rg4+ Kf8 35. Qh6+ Ke8 36. Qc6+ Kf8 37. Qh6+ Ke8 38. Rg8+
Kd7 39. Qd2+ Ke6 40. Qd5+ Kf6 41. g4 h6 42. f4 Qh7 43. Qd4+ 1-0

[Event "VL 2016/17"]
[Site "Mecklenburg/Vorpommern"]
[Date "2017.04.02"]
[Round "8.4"]
[White "Stiegler, Maik"]
[Black "Hamann, Dirk"]
[Result "0-1"]
[WhiteElo "1930"]
[BlackElo "1879"]
[PlyCount "90"]
[EventType "team-tourn"]
[EventRounds "9"]
[SourceDate "2016.10.16"]
[WhiteTeam "Grevesmuehlen "]
[BlackTeam "SF Ostsee Warnemünde"]

1. d4 Nf6 2. Nf3 g6 3. c4 Bg7 4. Nc3 O-O 5. Bg5 a6 6. e3 d6 7. Rc1 Bg4 8. Be2
Nc6 9. h3 Bf5 10. d5 Nb8 11. Nd4 Bc8 12. f4 Nbd7 13. O-O Nc5 14. Bxf6 Bxf6 15.
b4 Nd7 16. Ne4 Bg7 17. c5 Nf6 18. Nxf6+ Bxf6 19. Bf3 Bd7 20. c6 Bxd4 21. Qxd4
bxc6 22. dxc6 Be6 23. a3 Qb8 24. Rf2 Bb3 25. Rb2 Ba4 26. Kh2 Qb5 27. Be2 Qf5
28. g4 Qf6 29. Kg3 e5 30. fxe5 dxe5 31. Qe4 Rfd8 32. Rc5 Rd6 33. Bf3 Re8 34.
Rf2 Qd8 35. Be2 Rd2 36. Bxa6 Rxf2 37. Kxf2 Qd2+ 38. Be2 Re6 39. Qd3 Rf6+ 40.
Kg2 Qe1 41. Bf3 e4 42. Qxe4 Bd1 43. b5 Bxf3+ 44. Qxf3 Qd2+ 45. Kg3 Qd6+ 0-1

[Event "VL 2016/17"]
[Site "Mecklenburg/Vorpommern"]
[Date "2017.04.02"]
[Round "8.6"]
[White "Streit, Bodo"]
[Black "Boecking, Uwe"]
[Result "1-0"]
[WhiteElo "1766"]
[BlackElo "1724"]
[PlyCount "93"]
[EventType "team-tourn"]
[EventRounds "9"]
[SourceDate "2016.10.16"]
[WhiteTeam "Grevesmuehlen "]
[BlackTeam "SF Ostsee Warnemünde"]

1. b4 d5 2. Bb2 Nf6 3. Nf3 Bf5 4. e3 e6 5. a3 Be7 6. Be2 O-O 7. O-O c5 8. bxc5
Bxc5 9. c4 dxc4 10. Bxc4 Nbd7 11. Qb3 Nb6 12. Bxf6 Qxf6 13. d4 Nxc4 14. Qxc4
Bd6 15. Rc1 g5 16. Qb5 g4 17. Ne1 Be4 18. Nd2 Bc6 19. Qh5 Kh8 20. Nc4 Bc7 21.
Ne5 Bxe5 22. dxe5 Qg7 23. Rc4 f5 24. exf6 Qxf6 25. Ra2 Bd5 26. Rc7 Qf5 27. Qh6
Rf7 28. Rac2 Raf8 29. Rxf7 Qxf7 30. Nd3 Qg7 31. Qxg7+ Kxg7 32. Nf4 Rf7 33. Kf1
Kf6 34. Ke2 Bc6 35. f3 e5 36. Nh5+ Kg5 37. fxg4 Kxg4 38. Ng3 Bxg2 39. Rc5 Re7
40. Rc4+ Kh3 41. Nf5 e4 42. Nxe7 Kxh2 43. Kf2 Kh3 44. Rc5 Bf3 45. Nd5 h5 46.
Nf6 Kh4 47. Re5 1-0

[Event "VL 2016/17"]
[Site "Mecklenburg/Vorpommern"]
[Date "2017.04.02"]
[Round "8.7"]
[White "Herholz, Holger"]
[Black "Haase, Sebastian"]
[Result "1/2-1/2"]
[WhiteElo "1776"]
[BlackElo "1726"]
[PlyCount "37"]
[EventType "team-tourn"]
[EventRounds "9"]
[SourceDate "2016.10.16"]
[WhiteTeam "SF Ostsee Warnemünde"]
[BlackTeam "Grevesmuehlen "]

1. d4 Nf6 2. c4 g6 3. Nc3 d6 4. Nf3 Bg7 5. e3 O-O 6. Be2 Nbd7 7. O-O e5 8. dxe5
dxe5 9. b3 Qe7 10. Qc2 c6 11. Bb2 Nb6 12. a4 Rd8 13. Ba3 Qc7 14. Rfd1 Bf5 15.
e4 Bg4 16. h3 Bxf3 17. Bxf3 Rxd1+ 18. Rxd1 Rd8 19. Be2 1/2-1/2

[Event "VL 2016/17"]
[Site "Mecklenburg/Vorpommern"]
[Date "2017.04.02"]
[Round "8.8"]
[White "Wulff, Jens Peter"]
[Black "Staben, Norbert"]
[Result "1-0"]
[WhiteElo "1581"]
[BlackElo "1689"]
[PlyCount "93"]
[EventType "team-tourn"]
[EventRounds "9"]
[SourceDate "2016.10.16"]
[WhiteTeam "Grevesmuehlen "]
[BlackTeam "SF Ostsee Warnemünde"]

1. d4 Nf6 2. Nf3 g6 3. Bf4 Bg7 4. c3 O-O 5. Nbd2 d5 6. h3 b6 7. e3 c5 8. Ne5 c4
9. Qf3 b5 10. g4 Bb7 11. Qg3 Nbd7 12. f3 Nxe5 13. dxe5 Nd7 14. Be2 Nc5 15. h4
Ne6 16. g5 Nxf4 17. exf4 d4 18. h5 dxc3 19. bxc3 Qb6 20. hxg6 hxg6 21. Rb1 Qe3
22. Rc1 Rfd8 23. Rc2 Bc8 24. Nf1 Qc5 25. Qf2 Qxf2+ 26. Kxf2 Bf5 27. Rb2 a6 28.
a4 bxa4 29. Bxc4 Bd3 30. Ne3 Bxc4 31. Nxc4 Rac8 32. Rb4 Rc6 33. Rxa4 Rdc8 34.
Ne3 Rxc3 35. Rxa6 e6 36. Ng4 Rb3 37. Kg3 Rb4 38. Rd6 Kf8 39. Rd7 Rbc4 40. Nh6
R4c7 41. Rhd1 Bxh6 42. gxh6 Kg8 43. Kg4 Rxd7 44. Rxd7 Rf8 45. Kg5 Kh7 46. Ra7
Kh8 47. Kf6 1-0

[Event "VL 2016/17"]
[Site "Mecklenburg/Vorpommern"]
[Date "2017.04.02"]
[Round "8.1"]
[White "Csillag, Istvan"]
[Black "Montag, Ralf"]
[Result "1/2-1/2"]
[WhiteElo "1986"]
[BlackElo "1918"]
[PlyCount "94"]
[EventType "team-tourn"]
[EventRounds "9"]
[SourceDate "2016.10.16"]
[WhiteTeam "SG Neubrandenburg"]
[BlackTeam "VT Ludwigslust"]

1. d4 Nf6 2. Nf3 g6 3. Bf4 Bg7 4. h3 O-O 5. Nbd2 d5 6. e3 c5 7. c3 Nc6 8. Bd3
Nd7 9. Qe2 e5 10. dxe5 Ndxe5 11. Nxe5 Nxe5 12. Bxe5 Bxe5 13. Nf3 Bf6 14. O-O
Re8 15. Rfd1 Qe7 16. Bb5 Rd8 17. Rd2 Be6 18. Rad1 a6 19. Ba4 b5 20. Bb3 b4 21.
c4 dxc4 22. Bxc4 Bxc4 23. Qxc4 Bxb2 24. Rxd8+ Rxd8 25. Rxd8+ Qxd8 26. Qxc5 a5
27. Nd4 Bc3 28. Kf1 a4 29. Ke2 Qa8 30. f3 Qb8 31. Qb5 Qg3 32. Qxa4 Qxg2+ 33.
Kd3 Qd2+ 34. Kc4 Qxe3 35. Qa8+ Kg7 36. Qd5 h5 37. Nc2 Qf4+ 38. Qe4 Qxe4+ 39.
fxe4 g5 40. a4 bxa3 41. Kxc3 a2 42. Kb2 g4 43. hxg4 hxg4 44. Ne3 g3 45. Nf5+
Kf6 46. Nxg3 Ke5 47. Kxa2 Kf4 1/2-1/2

[Event "VL 2016/17"]
[Site "Mecklenburg/Vorpommern"]
[Date "2017.04.02"]
[Round "8.2"]
[White "Wiemer, Juergen"]
[Black "Pruesse, Horst"]
[Result "1/2-1/2"]
[WhiteElo "1952"]
[BlackElo "2040"]
[PlyCount "80"]
[EventType "team-tourn"]
[EventRounds "9"]
[SourceDate "2016.10.16"]
[WhiteTeam "VT Ludwigslust"]
[BlackTeam "SG Neubrandenburg"]

1. e4 c5 2. c3 Nf6 3. e5 Nd5 4. d4 cxd4 5. Nf3 Nc6 6. cxd4 d6 7. Bc4 e6 8. O-O
a6 9. Re1 Nb6 10. Bb3 dxe5 11. dxe5 Qxd1 12. Rxd1 Be7 13. Nc3 Nd7 14. Bf4 g5
15. Nxg5 Ndxe5 16. Nce4 h6 17. Nh3 Ng6 18. Nd6+ Kf8 19. Be3 Na5 20. Bc2 e5 21.
Nxc8 Rxc8 22. Rac1 Kg7 23. Be4 Rhd8 24. Rxd8 Rxc1+ 25. Bxc1 Bxd8 26. b3 Nc6 27.
Be3 Nge7 28. g4 b6 29. f3 Nb4 30. Bd2 Nbd5 31. Nf2 b5 32. Nd3 Bb6+ 33. Kf1 f6
34. Nb4 Nc7 35. Ke2 a5 36. Nc6 Nxc6 37. Bxc6 Ne6 38. Be4 Ng5 39. Bd5 b4 40. h4
Nh3 1/2-1/2

[Event "VL 2016/17"]
[Site "Mecklenburg/Vorpommern"]
[Date "2017.04.02"]
[Round "8.3"]
[White "Rossmann, Andreas"]
[Black "Illgen, Alexander"]
[Result "1-0"]
[WhiteElo "1919"]
[BlackElo "1894"]
[PlyCount "85"]
[EventType "team-tourn"]
[EventRounds "9"]
[SourceDate "2016.10.16"]
[WhiteTeam "SG Neubrandenburg"]
[BlackTeam "VT Ludwigslust"]

1. Nf3 c5 2. e4 Nc6 3. Nc3 d6 4. d4 cxd4 5. Nxd4 Qb6 6. Nb3 Nf6 7. Be2 g6 8.
Be3 Qd8 9. Qd2 a6 10. f3 Bg7 11. Bh6 O-O 12. Bxg7 Kxg7 13. O-O-O b5 14. h4 h5
15. Nd5 Ne5 16. Nxf6 exf6 17. Qxd6 Be6 18. Qxd8 Rfxd8 19. Rxd8 Rxd8 20. Rd1 Rc8
21. Rd6 Bc4 22. Nd4 Bxe2 23. Nxe2 Nc4 24. Rd3 Rc6 25. b3 Ne5 26. Rd4 Kf8 27.
Kb2 Ke7 28. Nf4 Nd7 29. a3 Nb6 30. Rd3 Nd7 31. Rd4 Nc5 32. g4 hxg4 33. fxg4 Nd7
34. h5 Ne5 35. Nd5+ Ke6 36. Ne3 Rc8 37. a4 Nc6 38. Rd5 Ne7 39. Rd2 gxh5 40.
axb5 axb5 41. gxh5 Rh8 42. Nd5 Rxh5 43. Nf4+ 1-0

[Event "VL 2016/17"]
[Site "Mecklenburg/Vorpommern"]
[Date "2017.04.02"]
[Round "8.4"]
[White "Krueger, Horst"]
[Black "Kunow, Frank"]
[Result "0-1"]
[WhiteElo "1884"]
[BlackElo "1891"]
[PlyCount "84"]
[EventType "team-tourn"]
[EventRounds "9"]
[SourceDate "2016.10.16"]
[WhiteTeam "VT Ludwigslust"]
[BlackTeam "SG Neubrandenburg"]

1. c4 g6 2. g3 Bg7 3. Bg2 e5 4. Nc3 d6 5. d3 f5 6. Bd2 Nf6 7. e3 O-O 8. Nge2 c6
9. Qc2 Be6 10. O-O d5 11. cxd5 cxd5 12. b4 Qe7 13. Rab1 Rc8 14. Qa4 Nbd7 15.
Rfc1 Nb6 16. Qd1 e4 17. d4 Bd7 18. Bf1 g5 19. a4 Nc4 20. b5 Qe8 21. Na2 Qh5 22.
Rc3 Bf8 23. Bg2 Bd6 24. Qe1 Kh8 25. Bc1 Rg8 26. Nb4 Be6 27. a5 f4 28. exf4 gxf4
29. Nxf4 Bxf4 30. Bxf4 Ng4 31. h3 Nf6 32. h4 Raf8 33. a6 bxa6 34. Nxa6 Ng4 35.
Nc7 Rxf4 36. gxf4 e3 37. fxe3 Bf5 38. Nxd5 Bxb1 39. Rxc4 Be4 40. Bxe4 Nxe3+ 41.
Kh1 Qg4 42. Bg6 Qh3+ 0-1

[Event "VL 2016/17"]
[Site "Mecklenburg/Vorpommern"]
[Date "2017.04.02"]
[Round "8.6"]
[White "Hilpert, Andreas"]
[Black "Baier, Karsten"]
[Result "1/2-1/2"]
[WhiteElo "1787"]
[BlackElo "1839"]
[PlyCount "56"]
[EventType "team-tourn"]
[EventRounds "9"]
[SourceDate "2016.10.16"]
[WhiteTeam "VT Ludwigslust"]
[BlackTeam "SG Neubrandenburg"]

1. e4 d5 2. exd5 Nf6 3. d4 Nxd5 4. c4 Nb6 5. Nc3 Bf5 6. Nf3 e6 7. Qb3 c5 8. Be3
N8d7 9. Rd1 Qc8 10. a4 cxd4 11. Nxd4 Bg6 12. a5 Nc5 13. Qa2 Nbd7 14. Be2 Be7
15. O-O O-O 16. f4 Ne4 17. Nxe4 Bxe4 18. Nb5 Bc5 19. Qb3 Bc2 20. Qxc2 Bxe3+ 21.
Kh1 g6 22. Nc3 Nf6 23. Rf3 Bc5 24. Na4 Qc7 25. Nxc5 Qxc5 26. Qd2 Rac8 27. b4
Qc7 28. c5 Rfd8 1/2-1/2

[Event "VL 2016/17"]
[Site "Mecklenburg/Vorpommern"]
[Date "2017.04.02"]
[Round "8.7"]
[White "Hartung, Lothar"]
[Black "Mitscherling, Reinhard"]
[Result "1/2-1/2"]
[WhiteElo "1799"]
[BlackElo "1783"]
[PlyCount "59"]
[EventType "team-tourn"]
[EventRounds "9"]
[SourceDate "2016.10.16"]
[WhiteTeam "SG Neubrandenburg"]
[BlackTeam "VT Ludwigslust"]

1. d4 Nf6 2. Nf3 b6 3. Bf4 Bb7 4. e3 g6 5. Bd3 Bg7 6. Nbd2 O-O 7. c3 d6 8. Bc2
Nbd7 9. e4 Re8 10. O-O e5 11. dxe5 Nxe5 12. Nxe5 dxe5 13. Be3 Qd7 14. h3 a5 15.
c4 Rad8 16. Ba4 Bc6 17. Bxc6 Qxc6 18. Qc2 Nh5 19. Rad1 Nf4 20. Nf3 Qf6 21. Kh2
c5 22. a3 Ne6 23. Qc1 Rxd1 24. Rxd1 Rd8 25. Rd5 Nd4 26. Nxd4 Rxd5 27. exd5 exd4
28. Bf4 Bf8 29. Kg1 Bd6 30. Bxd6 1/2-1/2

[Event "VL 2016/17"]
[Site "Mecklenburg/Vorpommern"]
[Date "2017.04.02"]
[Round "8.8"]
[White "Emmrich, Olaf"]
[Black "Rehbein, Hans Juergen"]
[Result "1/2-1/2"]
[WhiteElo "1767"]
[BlackElo "1730"]
[PlyCount "44"]
[EventType "team-tourn"]
[EventRounds "9"]
[SourceDate "2016.10.16"]
[WhiteTeam "VT Ludwigslust"]
[BlackTeam "SG Neubrandenburg"]

1. e4 c5 2. Nf3 Nc6 3. Bc4 e6 4. O-O g6 5. c3 Bg7 6. d4 cxd4 7. cxd4 Qb6 8. e5
Nge7 9. Re1 Na5 10. Bf1 d5 11. exd6 Qxd6 12. Bd2 Nac6 13. Bc3 O-O 14. Na3 Nd5
15. Nc4 Qe7 16. Nce5 Nxe5 17. Nxe5 Bxe5 18. dxe5 b6 19. Rc1 Bb7 20. Qg4 Rfc8
21. Bd2 Rxc1 22. Rxc1 Rc8 1/2-1/2

[Event "VL 2016/17"]
[Site "Mecklenburg/Vorpommern"]
[Date "2017.04.23"]
[Round "9.7"]
[White "Piske, Thomas"]
[Black "Staben, Norbert"]
[Result "1/2-1/2"]
[WhiteElo "1950"]
[BlackElo "1689"]
[PlyCount "20"]
[EventType "team-tourn"]
[EventRounds "9"]
[SourceDate "2016.10.16"]
[WhiteTeam "ASV Wismar"]
[BlackTeam "SF Ostsee Warnemünde"]

1. e4 c5 2. Nf3 Nc6 3. d4 cxd4 4. Nxd4 d6 5. Nc3 g6 6. Be3 Bg7 7. Be2 Nf6 8.
O-O O-O 9. Qd2 a6 10. Rad1 Bd7 1/2-1/2

[Event "VL 2016/17"]
[Site "Mecklenburg/Vorpommern"]
[Date "2017.04.23"]
[Round "9.2"]
[White "Hanisch, Sebastian"]
[Black "Naujok, Joerg"]
[Result "0-1"]
[WhiteElo "2029"]
[BlackElo "1979"]
[PlyCount "60"]
[EventType "team-tourn"]
[EventRounds "9"]
[SourceDate "2016.10.16"]
[WhiteTeam "SF Schwerin II"]
[BlackTeam "Grevesmuehlen "]

1. d4 Nf6 2. c4 g6 3. g3 Bg7 4. Bg2 d6 5. Nf3 Nbd7 6. O-O O-O 7. Nc3 c6 8. Bf4
Nh5 9. Be3 e5 10. dxe5 dxe5 11. Qc1 f5 12. Bh6 f4 13. Bxg7 Nxg7 14. Rd1 Qe7 15.
Nd2 Nf6 16. Nde4 Bf5 17. Nd6 Ne6 18. Nxf5 gxf5 19. Bh3 Ng4 20. Bxg4 fxg4 21.
Qc2 Qg5 22. Rd6 Nd4 23. Qe4 Rae8 24. Rd1 f3 25. Rd7 Qh5 26. R1xd4 exd4 27. Qxd4
Rf7 28. Rxf7 Kxf7 29. Qf4+ Kg7 30. Ne4 fxe2 0-1

[Event "VL 2016/17"]
[Site "Mecklenburg/Vorpommern"]
[Date "2017.04.23"]
[Round "9.4"]
[White "Westphal, Wolfgang"]
[Black "Stiegler, Maik"]
[Result "1-0"]
[WhiteElo "2057"]
[BlackElo "1930"]
[PlyCount "61"]
[EventType "team-tourn"]
[EventRounds "9"]
[SourceDate "2016.10.16"]
[WhiteTeam "SF Schwerin II"]
[BlackTeam "Grevesmuehlen "]

1. e4 d6 2. d4 g6 3. Nc3 Bg7 4. Be2 Nf6 5. e5 dxe5 6. dxe5 Qxd1+ 7. Bxd1 Nfd7
8. f4 Nb6 9. Bf3 c6 10. Nge2 Na6 11. a3 Nc7 12. b3 f6 13. exf6 Bxf6 14. Bd2 O-O
15. O-O-O Ne6 16. g3 Nd4 17. Nxd4 Bxd4 18. Rhe1 Bc5 19. a4 Nd7 20. Ne4 Ba3+ 21.
Kb1 e5 22. Be2 exf4 23. Bc4+ Kg7 24. Bc3+ Kh6 25. g4 g5 26. b4 Ne5 27. Bxe5
Bxb4 28. Bd6 Bxd6 29. Rxd6+ Kg7 30. Nxg5 Rf6 31. Re7+ 1-0

[Event "VL 2016/17"]
[Site "Mecklenburg/Vorpommern"]
[Date "2017.04.23"]
[Round "9.6"]
[White "Kross, Gunnar"]
[Black "Streit, Bodo"]
[Result "1-0"]
[WhiteElo "1979"]
[BlackElo "1766"]
[PlyCount "63"]
[EventType "team-tourn"]
[EventRounds "9"]
[SourceDate "2016.10.16"]
[WhiteTeam "SF Schwerin II"]
[BlackTeam "Grevesmuehlen "]

1. d4 d5 2. Nf3 Bf5 3. g3 Nf6 4. Bg2 e6 5. O-O Be7 6. Nbd2 O-O 7. Nh4 c6 8.
Nxf5 exf5 9. c4 Qb6 10. c5 Qc7 11. Nf3 Nh5 12. Ne5 g6 13. Bf3 f6 14. Nd3 Ng7
15. Bf4 Qd7 16. Bh6 Re8 17. Bxg7 Kxg7 18. b4 a6 19. a4 Bd8 20. Qb3 Bc7 21. e3
Re7 22. Rfb1 Qe8 23. b5 axb5 24. axb5 Rxa1 25. Rxa1 Kh6 26. Ra8 cxb5 27. Qxd5
Rxe3 28. fxe3 Qxe3+ 29. Nf2 Nc6 30. Kg2 Nxd4 31. Qxb7 f4 32. Ng4+ 1-0

[Event "VL 2016/17"]
[Site "Mecklenburg/Vorpommern"]
[Date "2017.04.23"]
[Round "9.8"]
[White "Dittrich, Carsten"]
[Black "Wulff, Jens Peter"]
[Result "1/2-1/2"]
[WhiteElo "1804"]
[BlackElo "1581"]
[PlyCount "45"]
[EventType "team-tourn"]
[EventRounds "9"]
[SourceDate "2016.10.16"]
[WhiteTeam "SF Schwerin II"]
[BlackTeam "Grevesmuehlen "]

1. e4 c6 2. Bc4 b5 3. Bb3 e6 4. d4 c5 5. c3 b4 6. Ne2 h5 7. O-O Ba6 8. Re1 h4
9. Nf4 c4 10. Bc2 Qa5 11. e5 Bb7 12. Be4 Bxe4 13. Rxe4 Qc7 14. d5 g5 15. Nh3 f5
16. d6 Qc6 17. Rd4 g4 18. Nf4 Bg7 19. Qe2 Qb5 20. Qxc4 Qxc4 21. Rxc4 Nc6 22.
cxb4 Nxe5 23. Rc5 1/2-1/2

[Event "VL 2016/17"]
[Site "Mecklenburg/Vorpommern"]
[Date "2017.04.23"]
[Round "9.1"]
[White "Mehl, Ronald"]
[Black "Pruesse, Horst"]
[Result "1-0"]
[WhiteElo "2054"]
[BlackElo "2040"]
[PlyCount "56"]
[EventType "team-tourn"]
[EventRounds "9"]
[SourceDate "2016.10.16"]
[WhiteTeam "FHSG Stralsund"]
[BlackTeam "SG Neubrandenburg"]

1. d4 Nf6 2. Nf3 e6 3. e3 b6 4. Bd3 Bb7 5. Nbd2 c5 6. O-O Nc6 7. c3 d5 8. Qe2
Bd6 9. e4 dxe4 10. Nxe4 Nxe4 11. Qxe4 Qc7 12. dxc5 bxc5 13. Qh4 Rd8 14. Bc2 Ne5
15. Ng5 Nd7 16. Nxh7 Bxh2+ 17. Kh1 Be5 18. Nf6+ Ke7 19. Ng8+ Kf8 20. Qxh8 g6
21. Bh6+ Ke8 22. Bg7 Bxg7 23. Qxg7 Qf4 24. f3 Ne5 25. Qf6 Qxf6 26. Nxf6+ Ke7
27. Ne4 f5 28. Nxc5 Nxf3 1-0

[Event "VL 2016/17"]
[Site "Mecklenburg/Vorpommern"]
[Date "2017.04.23"]
[Round "9.2"]
[White "Rossmann, Andreas"]
[Black "Hubert, Peter"]
[Result "1/2-1/2"]
[WhiteElo "1919"]
[BlackElo "2001"]
[PlyCount "142"]
[EventType "team-tourn"]
[EventRounds "9"]
[SourceDate "2016.10.16"]
[WhiteTeam "SG Neubrandenburg"]
[BlackTeam "FHSG Stralsund"]

1. Nf3 Nf6 2. c4 e6 3. d4 d5 4. Nc3 Be7 5. Bg5 O-O 6. e3 b6 7. cxd5 exd5 8. Ne5
Bb7 9. Be2 Nbd7 10. Nxd7 Qxd7 11. O-O h6 12. Bh4 Ne4 13. Bxe7 Nxc3 14. bxc3
Qxe7 15. Bf3 c6 16. Re1 Qa3 17. Qb3 Qxb3 18. axb3 Rfe8 19. Rec1 a5 20. Ra3 c5
21. dxc5 bxc5 22. c4 Red8 23. cxd5 Bxd5 24. Rxc5 Rac8 25. Raxa5 Bxb3 26. Rxc8
Rxc8 27. Ra1 g6 28. h4 h5 29. Ra5 Kg7 30. Rb5 Be6 31. Rb4 Rc2 32. g4 hxg4 33.
Bxg4 Rc4 34. Rxc4 Bxc4 35. Kg2 f5 36. Bd1 Kf6 37. f4 Bd5+ 38. Kf2 Bc4 39. Bf3
Bb5 40. Ke1 Ke6 41. Kd2 Kd6 42. Kc3 Kc5 43. Bd1 Bd7 44. Bb3 Be8 45. Bg8 Kd6 46.
Kd4 Ke7 47. Ke5 Bd7 48. Bd5 Bb5 49. Bf3 Kf7 50. h5 Kg7 51. hxg6 Kxg6 52. Bd1
Bd3 53. Ba4 Kf7 54. Bd7 Kg6 55. Be8+ Kg7 56. Bh5 Kh6 57. Bf3 Kg6 58. Ke6 Bc4+
59. Bd5 Bd3 60. Ke7 Kg7 61. Bc6 Bc2 62. Ke6 Bd3 63. Ke5 Kg6 64. Kd5 Bc2 65. Ke5
Bd3 66. Bg2 Bc2 67. Bf1 Bb1 68. Kd4 Kf6 69. Bd3 Ba2 70. Kc5 Bb3 71. Bb1 Bd1
1/2-1/2